Paroles - Amsterdam - Jacques Brel - Statistiques

Statistiques générales
  • Ce quiz a été pris 3 863 fois
  • Le résultat moyen est 229 sur 300
Statistiques - réponses
Paroles % Correct
le
100%
Le
100%
port
100%
a
99%
A
99%
à
99%
d'Amsterdam
99%
Dans
99%
dans
99%
de
99%
des
99%
Des
99%
Y
99%
marins
98%
qui
98%
Qui
98%
la
91%
et
90%
Et
90%
chantent
89%
Les
89%
les
89%
boivent
84%
en
83%
En
83%
dansent
82%
femmes
82%
Sur
82%
Au
81%
au
81%
Ils
81%
ils
81%
se
80%
Se
80%
Comme
75%
comme
75%
leur
74%
or
72%
pleure
72%
putains
72%
santé
71%
Aux
69%
aux
69%
encore
69%
hantent
69%
panse
68%
Que
68%
que
68%
re-boivent
68%
ça
67%
je
67%
rêves
67%
un
67%
coeur
66%
frites
65%
Pour
65%
sent
64%
mangent
63%
pissent
63%
dames
62%
Jusque
62%
leurs
62%
ou
62%
frottant
61%
infidèles
60%
large
60%
morue
60%
une
60%
Enfin
59%
mains
59%
vertu
59%
ce
58%
chaleur
58%
long
58%
meurent
58%
ont
58%
quand
58%
trop
58%
dorment
57%
bien
56%
corps
56%
cou
56%
d'ailleurs
56%
donnent
56%
grosses
56%
oriflammes
56%
berges
55%
blanches
55%
bu
55%
épaisse
55%
naissent
55%
nappes
55%
joli
54%
océanes
54%
pièce
54%
poissons
53%
tout
52%
invitent
51%
langueurs
51%
ruisselants
51%
D'Hambourg
50%
étoiles
50%
lueurs
50%
Mais
50%
rire
50%
rotant
50%
son
50%
accordéon
49%
Puis
49%
ciel
48%
D'un
48%
plus
48%
premières
48%
tordent
48%
Alors
47%
coup
47%
Jusqu'à
47%
lèvent
47%
mieux
47%
s'entendre
47%
sortent
47%
tournent
47%
bière
46%
braguette
46%
bruit
46%
expire
46%
L'accordéon
46%
lune
46%
mornes
46%
mouchent
46%
nez
46%
revenir
46%
soleils
46%
Pleins
44%
regard
44%
riant
44%
tempête
44%
dents
43%
fier
42%
fortune
42%
lumière
42%
pleine
42%
montrent
41%
rance
41%
vous
41%
croquer
40%
déchiré
40%
Referment
40%
bouffer
38%
décroisser
38%
geste
38%
Jusqu'en
38%
crachés
37%
drames
37%
ramènent
36%
grave
35%
plantent
33%
batave
31%
haubans
31%
Aucun quiz correspondant
Distribution des résultats
% des personnes avec chaque résultat
Percentile par nombre de réponses
Votre historique - résultats
Vous n’avez pas pris ce quiz